000 00616nam a2200193Ia 4500
005 20250508160119.0
008 008 250505s9999 xx 000 0 eng d
037 _aTextual
040 _aFEDL
_beng
_cFEDL
041 _aeng
_2eng
084 _a370.95482, NCE
_qFEDL
245 0 _aEducational innovations in Andhra Pradesh
245 0 _cNational Council of Educational Researchand Training
260 _aHyderabad, India
_bNational Council of Educational Research and Training
_c1969
300 _a63p.
650 _aEducation
942 _cTEXL
_h370.95482, NCE
999 _c1361838
_d1361838